|
|
|
|
| LEADER |
00000nam a2200000 a 4500 |
| 001 |
vtls010429542 |
| 003 |
SK-MaSNL |
| 005 |
20260301132711.0 |
| 008 |
240315s2012 xr a 000 0 cze |
| 015 |
|
|
|a SNBZSA2013-00176
|
| 020 |
|
|
|a 9788090453135
|q (brož.)
|
| 035 |
|
|
|a E909EBB4-1EC5-47C4-97DE-69F678096515
|
| 035 |
|
|
|a urn:nbn:sk:snk-amjkxa
|
| 035 |
|
|
|a urn:nbn:sk:snk-am001mj3
|
| 040 |
|
|
|a SNK
|b slo
|c SNK
|e AACR2
|
| 041 |
0 |
|
|a cze
|a slo
|b cze
|b eng
|
| 044 |
|
|
|a xr
|c CZ
|
| 072 |
|
7 |
|a 37
|x Výchova a vzdelávanie
|2 konspekt
|
| 080 |
|
|
|a 37.0-022.324
|2 2008
|
| 080 |
|
|
|a 36
|2 2008
|
| 080 |
|
|
|a 37.014.5
|2 2008
|
| 080 |
|
|
|a (048.8:082)
|2 2008
|
| 100 |
1 |
|
|a Šerák, Michal,
|d 1976-
|4 aut
|9 124206
|
| 245 |
1 |
0 |
|a Celoživotní učení a sociální politika: vazby a přesahy
|b Michal Šerák a kol.
|
| 250 |
|
|
|a Vyd. 1.
|
| 260 |
|
|
|a Praha
|b Asociace institucí vzdělávání dospělých ČR
|c 2012
|
| 300 |
|
|
|a 230 s.
|b ilustr.
|c 23 cm
|
| 504 |
|
|
|a Obsahuje bibliografie a bibliogr. odkazy
|
| 546 |
|
|
|a Prevažne slov. text. České a anglické resumé
|
| 650 |
0 |
7 |
|a celoživotné vzdelávanie
|2 snkph
|9 28858
|
| 650 |
0 |
7 |
|a sociálna politika
|2 snkph
|9 2333
|
| 650 |
0 |
7 |
|a vzdelávacia politika
|2 snkph
|9 3199
|
| 650 |
0 |
7 |
|a Permanent education
|2 snkph
|9 270154
|
| 650 |
0 |
7 |
|a Social policy
|2 snkph
|9 310357
|
| 650 |
0 |
7 |
|a Educational policy
|2 snkph
|9 323687
|
| 655 |
|
7 |
|a kolektívne monografie
|2 snkph
|9 249850
|
| 655 |
|
7 |
|a Collective monographs
|2 snkph
|9 125747
|
| 919 |
|
|
|a 978-80-904531-3-5
|
| 958 |
|
|
|a ZS
|
| 958 |
|
|
|a CZ
|
| 958 |
|
|
|a NB
|
| 999 |
|
|
|c 751691
|d 753621
|
| 952 |
|
|
|a SNK
|b SNK
|y PREZ
|7 0
|p 17A1049482
|o snkSC 151096
|i snk2012/18001
|8 4
|g 10.74
|0 0
|1 0
|4 0
|d 2012-06-13
|l 0
|r 2025-07-21 00:00:00
|w 2026-02-23
|
| 952 |
|
|
|a SNK
|b SNK
|y VYP
|7 0
|p 17A1060226
|o snkSC 151096 D1
|i snk2013/576
|8 4
|g 11.08
|0 0
|1 0
|4 0
|d 2012-11-08
|f 1
|l 0
|r 2026-02-23 23:35:21
|w 2026-02-23
|